000 00357nam a22001577a 4500
003 MPLRDC
005 20220104113741.0
008 210129b ||||| |||| 00| 0 eng d
082 _a857.7 YQ v.69
100 _a严沁
245 _a千山万水
_c
260 _a
_b小说创作社
_c
300 _b
650 _a长篇小说
942 _cBK
_o857.7 YQ v.69
999 _c2066
_d2056